Feedback Control System, 3rd Ed (Record no. 309007)
[ view plain ]
| 000 -LEADER | |
|---|---|
| fixed length control field | 00358 a2200145 4500 |
| 001 - CONTROL NUMBER | |
| control field | 73934 |
| 082 ## - DEWEY DECIMAL CLASSIFICATION NUMBER | |
| Classification number | 629.83 PHI |
| 090 ## - LOCALLY ASSIGNED LC-TYPE CALL NUMBER (OCLC); LOCAL CALL NUMBER (RLIN) | |
| -- | 39027 |
| -- | 39027 |
| 100 ## - MAIN ENTRY--PERSONAL NAME | |
| Personal name | Phillips, C L |
| 245 ## - TITLE STATEMENT | |
| Title | Feedback Control System, 3rd Ed |
| Statement of responsibility, etc. | Charles L Phillips |
| 250 ## - EDITION STATEMENT | |
| Edition statement | 3 |
| 260 ## - PUBLICATION, DISTRIBUTION, ETC. | |
| Place of publication, distribution, etc. | U S A |
| Name of publisher, distributor, etc. | Prentice Hall |
| Date of publication, distribution, etc. | 1993 |
| 500 ## - GENERAL NOTE | |
| General note | BE textbook |
| 600 ## - SUBJECT ADDED ENTRY--PERSONAL NAME | |
| Personal name | Harbor Royce |
| 942 ## - ADDED ENTRY ELEMENTS (KOHA) | |
| Institution code [OBSOLETE] | NUST-CAE |
| Koha item type | |
| Call number prefix | 629.83 PHI |
| Withdrawn status | Lost status | Damaged status | Not for loan | Collection code | Permanent Location | Current Location | Date acquired | Total Checkouts | Full call number | Barcode | Date last seen | Price effective from | Koha item type |
|---|---|---|---|---|---|---|---|---|---|---|---|---|---|
| College of Aeronautical Engineering (CAE) | College of Aeronautical Engineering (CAE) | 04/03/2017 | 629.83 PHI | CAE65073A | 04/05/2017 | 04/05/2017 | Book |
